The Courage to be Disliked (Record no. 369845)

MARC details
000 -LEADER
fixed length control field 00481nam a2200181 4500
005 - DATE AND TIME OF LATEST TRANSACTION
control field 20260109161545.0
008 - FIXED-LENGTH DATA ELEMENTS--GENERAL INFORMATION
fixed length control field 260109b |||||||| |||| 00| 0 eng d
020 ## - INTERNATIONAL STANDARD BOOK NUMBER
International Standard Book Number 978-1-76063-072-0
041 ## - LANGUAGE CODE
Language code of text/sound track or separate title English
082 ## - DEWEY DECIMAL CLASSIFICATION NUMBER
Classification number X 823 KIS
Item number B12161
100 ## - MAIN ENTRY--PERSONAL NAME
Author Kishimi, Ichiro
110 ## - MAIN ENTRY--CORPORATE NAME
Corporate name or jurisdiction name as entry element Koga, Fumitake
245 ## - TITLE STATEMENT
Title The Courage to be Disliked
260 ## - PUBLICATION, DISTRIBUTION, ETC.
Place of publication, distribution, etc. London
Name of publisher, distributor, etc. Allen and Unwin
Date of publication, distribution, etc. 2018
300 ## - PHYSICAL DESCRIPTION
Extent xvi,272p.
Other physical details HB
365 ## - TRADE PRICE
Price type code Rupaye
Price amount 338
Currency code INR
942 ## - ADDED ENTRY ELEMENTS (KOHA)
Koha item type Books
Holdings
Withdrawn status Lost status Source of classification or shelving scheme Damaged status Not for loan Collection code Home library Current library Date acquired Vendor Net Price Bill number Total Checkouts Full call number Barcode Date last seen Discount Actual Price Bill Date Koha item type Original Barcode
    Dewey Decimal Classification     Non-fiction Smt. Bakul Tambat Institute of Nursing Education Smt. Bakul Tambat Institute of Nursing Education 30/12/2025 Amazon(online) 171-7297983-2534761 324.48 XIP4-61150   X 823 KIS B12161 BTIN-BK-12161 09/01/2026 13.52 338.00 02/12/2025 Books BTIN-BK-12161